Statistiques concernant Top 15 des pays avec les décès de Covid-19 - 24 novembre 2021

Cliquez ici pour prendre le quiz!

Statistiques générales

  • Ce quiz a été pris 17 fois
  • Le résultat moyen est 12 sur 26

Statistiques - réponses

pays% Correct
France
100%
Etats-Unis
94%
Russie
94%
Allemagne
88%
Brésil
88%
Inde
88%
Mexique
88%
Argentine
82%
Royaume-Uni
76%
Italie
71%
Colombie
59%
Indonésie
53%
Pérou
41%
Afrique du Sud
35%
Hongrie
35%
Iran
29%
Roumanie
24%
Tchèquie
24%
Bulgarie
12%
Croatie
12%
Lituanie
12%
Slovaquie
12%
Bosnie-Herzégovine
6%
Macédoine du Nord
6%
Arménie
0%
Géorgie
0%

Distribution des résultats

Percentile par nombre de réponses

% des personnes avec chaque résultat

Votre développement - résultats

Vous n’avez pas pris ce quiz